AU LIBRARIES
Centralized Library System Across Seven Campuses

Tactical Portfolios : (Record no. 47547)

MARC details
000 -LEADER
fixed length control field 00520nam a22001697a 4500
005 - DATE AND TIME OF LATEST TRANSACTION
control field 20260507113832.0
008 - FIXED-LENGTH DATA ELEMENTS--GENERAL INFORMATION
fixed length control field 260507b |||||||| |||| 00| 0 eng d
020 ## - INTERNATIONAL STANDARD BOOK NUMBER
ISBN 978-1-118-73162-8
082 ## - DEWEY DECIMAL CLASSIFICATION NUMBER
Classification number 332.645
Author Mark MCC-T
100 ## - MAIN ENTRY--AUTHOR
Author Name McCANN, BAILEY
245 ## - TITLE STATEMENT
Title Tactical Portfolios :
Sub-Title Strategies and Tactics for Investing in Hedge Funds and Liquid Alternatives
260 ## - PUBLICATION, DISTRIBUTION, ETC.
Place of Publication Hoboken, New Jersey.
Name of publisher, distributor, etc. John Wiley & Sons, Inc.,
Date of publication, distribution, etc. 2014
300 ## - PHYSICAL DESCRIPTION
Pages 253 p.
500 ## - GENERAL NOTE
General note Includes index.
650 ## - SUBJECT ADDED ENTRY--TOPICAL TERM
Subject / Department Management
942 ## - ADDED ENTRY ELEMENTS (KOHA)
Koha item type Book
Holdings
Withdrawn status Lost status Damaged status Not for loan Collection code Permanent Location Current Location Shelving Location Date acquired Source of acquisition Price Inventory number Total Checkouts Full Call Number Accession No./Barcode Date last seen Koha item type
        Management Science Air University Kharian Campus Library Air University Kharian Campus Library Management Science 04/09/2026 Ali Book Services 1358.00 KA/10221   332.645 MCC-T AUKHP0664 05/07/2026 Book
Air University Sector E-9, Islamabad Pakistan
Email: librarian@au.edu.pk  Tel : +0092 51 9262612 Ext: 631